Statistics for Countries that Visit Germany the Most

Click here to take the quiz!

General Stats

  • This quiz has been taken 1,115 times
    (313 since last reset)
  • The average score is 9 of 10

Answer Stats

# VisitsCountry% Correct
3,400,000France
99%
5,700,000United States
99%
5,600,000United Kingdom
97%
3,700,000Italy
93%
3,700,000Austria
91%
11,300,000Netherlands
91%
2,800,000Spain
90%
6,600,000Switzerland
89%
3,200,000Belgium
88%
3,300,000Denmark
86%

Score Distribution

Percentile by Number Answered

Percent of People with Each Score

Your Score History

You have not taken this quiz since the last reset